000 00744nam a2200289Ia 4500
001 13516
003 IT-RoPAU
008 130308s9999 xx 000 0 und d
040 _aIT-RoPAU
040 _cIT-RoPAU
041 _aFRANCESE
100 _aLaurette Pierre
100 _gCodice Aut. SPICS: 4001
245 _aPetite liseuse de poemes (La)
245 _bA Semiotic Landscape/Panorama Semiotique
250 _a1a ed.
260 _aTHE HAGUE
260 _bMouton
260 _c1979 [1° Ed.:1979 - Ed.Ling.Originale:1974]
300 _a"3 p. (prefazione: no ; testo: 3 [pagine: 461-463])"
650 _aSEMIOLOGIA
650 _eCodice materia Spics: 3251
942 _cBK
957 _71
999 _c41007
_d41007
999 _bSI
999 _g1